| 000 | 00814nam a22002177a 4500 | ||
|---|---|---|---|
| 003 | 0 | ||
| 005 | 20250217155736.0 | ||
| 008 | 250217b xxu||||| |||| 00| 0 eng d | ||
| 050 |
_aG 155 _b.Si55 2023 |
||
| 100 | _aSilvestre, Kazutomo | ||
| 245 |
_aImpact of social media influencers on change of tourism destinations: _b basis for social media influencers effectivesness _c Kazutomo Silvestre |
||
| 260 |
_aLas Pinas City _bSouthville International School and Colleges _c2023 |
||
| 300 |
_axi, 139 pages ; _c28 cm. |
||
| 500 | _aBachelor of Science in Tourism. | ||
| 504 | _aIncludes bibliographical references and appendices. | ||
| 650 | _aTourism—Marketing. | ||
| 650 | _aSocial media—Influence. | ||
| 650 | _aSocial media marketing. | ||
| 650 | _aInfluencers (Social media). | ||
| 942 |
_2lcc _cTH |
||
| 999 |
_c367239 _d367239 |
||